|
|
|
|
| LEADER |
01010nam a2200289 a 4500 |
| 001 |
3889356 |
| 008 |
100408r19981991njua 001 0 eng d |
| 010 |
|
|
|a \\\90037650
|
| 020 |
|
|
|a 8120308352
|
| 020 |
|
|
|a 013212937X
|
| 040 |
|
|
|a DLC
|c DLC
|d DLC
|d BD-DhAAL
|
| 082 |
0 |
0 |
|a 621.39/5
|2 20
|
| 100 |
1 |
|
|a Mano, M. Morris,
|d 1927-
|
| 245 |
1 |
0 |
|a Digital design /
|c M. Morris Mano.
|
| 250 |
|
|
|a 2nd ed.
|
| 260 |
|
|
|a Englewood Cliffs, N.J. ;
|a New Delhi :
|b Prentice-Hall,
|c 1991 [reprinted 1998].
|
| 300 |
|
|
|a xi, 516 p. :
|b ill. ;
|c 24 cm.
|
| 504 |
|
|
|a Includes index.
|
| 541 |
1 |
|
|e 00006855
|
| 650 |
|
0 |
|a Electronic digital computers
|x Circuits.
|
| 650 |
|
0 |
|a Logic circuits.
|
| 650 |
|
0 |
|a Logic design.
|
| 650 |
|
0 |
|a Digital integrated circuits.
|
| 852 |
4 |
|
|a Ayesha Abed Library
|j General Shelf
|
| 942 |
0 |
0 |
|0 1
|
| 999 |
|
|
|c 8024
|d 8024
|
| 952 |
|
|
|0 0
|1 0
|2 ddc
|4 0
|6 621_395000000000000_MAN_1998
|7 0
|9 9097
|a BRACUL
|b BRACUL
|c GEN
|d 2010-04-08
|l 35
|m 268
|o 621.395 MAN
|p 3010006855
|q 2026-06-02
|r 2026-05-18
|s 2026-05-18
|t 1
|w 2010-04-08
|y BK
|